Το σαράϊ του σουλτάνου : μια λεπτομερής περιγραφή της ζωής στην οθωμανική αυλή
Αποθηκεύτηκε σε:
| Κύριος συγγραφέας: | |
|---|---|
| Άλλοι συγγραφείς: | , |
| Μορφή: | Βιβλίο |
| Γλώσσα: | Greek English |
| Δημοσίευση: |
Αθήνα :
Κέδρος,
2005.
|
| Θέματα: | |
| Ετικέτες: |
Προσθήκη ετικέτας
Δεν υπάρχουν, Καταχωρήστε ετικέτα πρώτοι!
|
MARC
| LEADER | 00000cam a2200000 i 4500 | ||
|---|---|---|---|
| 001 | 1/45628 | ||
| 008 | 070606s2005 gr | ||| |||| ||gre|| | ||
| 020 | |a 9600428360 | ||
| 035 | |l 10088169 | ||
| 040 | |a GR-MyUA |b gre |e AACR2 | ||
| 041 | 1 | |a gre |h eng | |
| 082 | 0 | |a 956.015 |2 (22) | |
| 100 | 1 | |a Bon, Ottaviano |d 1552-1623. | |
| 245 | 1 | 3 | |a Το σαράϊ του σουλτάνου : |b μια λεπτομερής περιγραφή της ζωής στην οθωμανική αυλή / |c Ottaviano Bon ; εισαγωγή και σχόλια από τον Γκόντφρι Γκούντγουιν ; μετάφραση Δέσπω Παπαγρηγοράκη. |
| 260 | |a Αθήνα : |b Κέδρος, |c 2005. | ||
| 300 | |a 197 σ. ; |c 21 εκ. | ||
| 500 | |a Μετάφραση από τα αγγλικά | ||
| 500 | |a Από την έκδοση του 17ου αιώνα, του Τζόν Ουίδερς | ||
| 504 | |a Περιέχει σημειώσεις και γλωσσάριο. | ||
| 651 | 0 | |a Turkey |x Courts and courtiers |x Social life and customs |x Early works to 1800. | |
| 651 | 0 | |a Turkey |x History |y 17th century. | |
| 700 | 1 | |a Goodwin, Godfrey, |e aui | |
| 700 | 1 | |a Παπαγρηγοράκη, Δέσπω, |e trlf | |
| 765 | 0 | 8 | |i Μετάφραση του: |t The sultan's seraglio : |
| 852 | |a INST |b LESVOS |e 20070606 |h 956.015 BON |p 005100038115 |q 005100038115 |t BK |y 0 | ||
| 901 | |a BIBL1-2007-2 | ||
| 909 | |a Λ |b 135182 | ||
| 922 | |a 1ΕΛΗ |b 200705 |c ΕΠΕΑΕΚ2/ΤΚΑ |d Σ. ΠΑΤΑΚΗΣ | ||
| 970 | |a ΚΑΡΑ |b ΓΙΑΣΕΜΗ |z 2007/06/06 | ||